=LDR 00000nam 2200000 4500 =001 INLIS000000000017764 =005 20130612113000 =008 ***********************************Ind** =035 ##$$0010-061300000017764 =041 ##$$a Ind =082 ##$$a 691.3 =090 ##$$a 691.3, Naw b =100 ##$$a Nawy, Edward G =245 ##$$a Beton bertulang, suatu pendekatan dasar, Edward G.Nawy ; penerjemah, Bambang Suryoatmo ; editor, Thua Surjman =260 ##$$a 1998 $b Bandung =300 ##$$a xii, 763 hlm, ilus, 23 cm =650 ##$$a Beton Bertulang =850 ##$$a NBPNMAT